000 00686nam a2200277Ia 4500
005 20260324135640.0
008 008 260324s9999 xx 000 0 eng d
020 _a9780429187674
037 _aEBOOK
040 _aCRL
040 _beng
040 _cCRL
041 _2eng
041 _aeng
084 _qCRL
100 _aR Costa; Jr., Henrique Guzzo; A. Grichkov; L.A. Peresi
_91201370
245 0 _aNonasSociative Algebra and Its Applications
260 _bTaylor and Francis
260 _c2000
365 _a
365 _b400
856 _uhttp://www.taylorfrancis.com/books/9780429187674
942 _cEBOOK
999 _c1802693
_d1802693